Catálogo
 En Linea

Las dos cruces de todos santos : (Registro nro. 24499)

Detalles MARC
000 -CABECERA
campo de control de longitud fija 00901nam a2200229 a 4500
001 - NÚMERO DE CONTROL
campo de control 000025006
005 - FECHA Y HORA DE LA ÚLTIMA TRANSACCIÓN
campo de control 20200930023514.0
008 - DATOS DE LONGITUD FIJA--INFORMACIÓN GENERAL
campo de control de longitud fija 110208s2001 xxuabc r 000 0 spa d
020 ## - NÚMERO INTERNACIONAL ESTÁNDAR DEL LIBRO
Número Internacional Estándar del Libro 1886502331
040 ## - FUENTE DE LA CATALOGACIÓN
Centro catalogador/agencia de origen DO-SdBNP
Lengua de catalogación spa
Centro/agencia transcriptor BNPHU
082 ## - NÚMERO DE LA CLASIFICACIÓN DECIMAL DEWEY
Número de clasificación xxxxx
Número de documento/Ítem O11d
049 ## - FONDOS LOCALES (OCLC)
Fondos de biblioteca BNGR
100 1# - ENTRADA PRINCIPAL--NOMBRE DE PERSONA
Nombre de persona Oakes, Maud
9 (RLIN) 51313
245 14 - MENCIÓN DE TÍTULO
Título Las dos cruces de todos santos :
Resto del título la religiosidad de un pueblo maya /
Mención de responsabilidad, etc. Maud Oakes ; traducción Fernando Peñalosa.
260 ## - PUBLICACIÓN, DISTRIBUCIÓN, ETC.
Lugar de publicación, distribución, etc. New Jersey :
Nombre del editor, distribuidor, etc. Fundación Yax Te :
-- Cultura,
Fecha de publicación, distribución, etc. 2001.
300 ## - DESCRIPCIÓN FÍSICA
Extensión x, 228 p. :
Otras características físicas il., mapas., retrs. ;
Dimensiones 21 cm.
500 ## - NOTA GENERAL
Nota general Incluye notas al pie de las páginas.
500 ## - NOTA GENERAL
Nota general Incluye referencia biográfica del autor en la contracubierta.
500 ## - NOTA GENERAL
Nota general Incluye referencia bibliográfica p. [226-228].
534 ## - NOTA SOBRE LA VERSIÓN ORIGINAL
Encabezamiento principal del original Título original:
Mención de título del original The two crosses of todos santos,
Publicación, distribución, etc. del original Pantheon Books, 1951
700 1# - PUNTO DE ACCESO ADICIONAL--NOMBRE DE PERSONA
Nombre de persona Peñalosa, Fernando,
Término indicativo de función/relación tr.
9 (RLIN) 51314
Existencias
Estado de retiro Estado de pérdida Restricciones de uso No para préstamo Código de colección Localización permanente Ubicación/localización actual Ubicación en estantería Fecha de adquisición Número de inventario Total de préstamos Signatura topográfica completa Código de barras Fecha visto por última vez Precio válido a partir de Tipo de ítem Koha
        Monografías: Libros y Folletos General General En catalogación 08.02.2011 LF1   xxxxx O11d 25006-10 25.06.2020 25.06.2020 Préstamo en sala

Con tecnología Koha